| 000 | 00624nam a22001937a 4500 | ||
|---|---|---|---|
| 005 | 20260420111428.0 | ||
| 008 | 260420b |||||||| |||| 00| 0 eng d | ||
| 020 | _a 9781337091831 | ||
| 050 |
_aHV9104 _b.S53 2018 |
||
| 100 | _a Siegel, Larry J., | ||
| 245 |
_a Juvenile delinquency : _b theory, practice, and law / |
||
| 250 | _a Thirteenth edition. | ||
| 260 |
_aBoston, MA : _bCengage Learning, _c2018 |
||
| 300 |
_a xxvi, 710 pages : _b illustrations ; _c29 cm |
||
| 500 | _aIncludes bibliographical references and indexes. | ||
| 650 | _a Juvenile delinquency | ||
| 700 | _a Welsh, Brandon, | ||
| 942 |
_2lcc _cBK |
||
| 999 |
_c60378 _d60378 |
||